000 00572nam a22001577a 4500
003 macl
005 20170209131559.0
008 170209b xxu||||| |||| 00| 0 eng d
040 _cmacl
082 _220
_a741.642/RAV
100 _aरावत अंजलि
_966789
245 _aमध्‍य प्रदेश के महान साहित्‍यकार
260 _aजुयपुर
_bश्रीनाथ पब्लिकेशन्‍स जयपुर
_c२००७
650 _aबाल साहित्‍य
_955186
942 _2ddc
_cHIN
999 _c56090
_d56090